The truth about the trial of Jomo Kenyatta / (Record no. 5)
[ view plain ]
| 000 -LEADER | |
|---|---|
| fixed length control field | 00987cam a2200289 a 4500 |
| 001 - CONTROL NUMBER | |
| control field | 1576871 |
| 003 - CONTROL NUMBER IDENTIFIER | |
| control field | OSt |
| 005 - DATE AND TIME OF LATEST TRANSACTION | |
| control field | 20230507164836.0 |
| 008 - FIXED-LENGTH DATA ELEMENTS--GENERAL INFORMATION | |
| fixed length control field | 920423s1991 ke a 000 0aeng |
| 010 ## - LIBRARY OF CONGRESS CONTROL NUMBER | |
| LC control number | 92980074 |
| 020 ## - INTERNATIONAL STANDARD BOOK NUMBER | |
| International Standard Book Number | 9966498230 |
| 040 ## - CATALOGING SOURCE | |
| Original cataloging agency | DLC |
| Transcribing agency | DLC |
| Modifying agency | DLC |
| 043 ## - GEOGRAPHIC AREA CODE | |
| Geographic area code | f-ke--- |
| 050 00 - LIBRARY OF CONGRESS CALL NUMBER | |
| Classification number | KSK41.K46 |
| Item number | M33 1991 |
| 082 00 - DEWEY DECIMAL CLASSIFICATION NUMBER | |
| Classification number | 345.6762/0231 |
| -- | 346.76205231 |
| Edition number | 20 |
| 100 1# - MAIN ENTRY--PERSONAL NAME | |
| Personal name | Macharia, Rawson, |
| Dates associated with a name | 1911- |
| 245 14 - TITLE STATEMENT | |
| Title | The truth about the trial of Jomo Kenyatta / |
| Statement of responsibility, etc. | Rawson Macharia. |
| 260 ## - PUBLICATION, DISTRIBUTION, ETC. (IMPRINT) | |
| Place of publication, distribution, etc. | Nairobi, Kenya : |
| Name of publisher, distributor, etc. | Longman Kenya, |
| Date of publication, distribution, etc. | 1991. |
| 300 ## - PHYSICAL DESCRIPTION | |
| Extent | 316 p. : |
| Other physical details | ill. ; |
| Dimensions | 21 cm. |
| 600 10 - SUBJECT ADDED ENTRY--PERSONAL NAME | |
| Personal name | Kenyatta, Jomo |
| General subdivision | Trials, litigation, etc. |
| 600 10 - SUBJECT ADDED ENTRY--PERSONAL NAME | |
| Personal name | Macharia, Rawson, |
| Dates associated with a name | 1911- |
| 650 #0 - SUBJECT ADDED ENTRY--TOPICAL TERM | |
| Topical term or geographic name as entry element | Trials (Political crimes and offenses) |
| Geographic subdivision | Kenya |
| -- | Kapenguria. |
| 651 #0 - SUBJECT ADDED ENTRY--GEOGRAPHIC NAME | |
| Geographic name | Nationalism |
| Geographic subdivision | Kenya |
| General subdivision | History. |
| 906 ## - LOCAL DATA ELEMENT F, LDF (RLIN) | |
| a | 7 |
| b | cbc |
| c | orignew |
| d | 2 |
| e | ncip |
| f | 19 |
| g | y-gencatlg |
| 942 ## - ADDED ENTRY ELEMENTS (KOHA) | |
| Source of classification or shelving scheme | Dewey Decimal Classification |
| Koha item type | Books |
| Withdrawn status | Lost status | Source of classification or shelving scheme | Damaged status | Not for loan | Home library | Current library | Date acquired | Total Checkouts | Full call number | Barcode | Date last seen | Koha item type | Price effective from |
|---|---|---|---|---|---|---|---|---|---|---|---|---|---|
| Dewey Decimal Classification | Bunge Tower Library | Bunge Tower Library | 05/07/2023 | 920.092 | 10014403 | 05/07/2023 | Books | ||||||
| Dewey Decimal Classification | Bunge Tower Library | Bunge Tower Library | 06/07/2023 | 920.092 MAC | 10014307 | 06/07/2023 | Books | 06/07/2023 | |||||
| Dewey Decimal Classification | Bunge Tower Library | Bunge Tower Library | 06/07/2023 | 920.092 MAC | 10014306 | 06/07/2023 | Books | 06/07/2023 | |||||
| Dewey Decimal Classification | Bunge Tower Library | Bunge Tower Library | 06/07/2023 | 345.6762/0231 | 10014308 | 06/07/2023 | Books | 06/07/2023 |
